NASCAR Cup Series Champions-Sudden Death - Statistics

General Stats
  • This quiz has been taken 173 times
  • The average score is 10 of 16
Answers on the Grid
Answers color-coded by a green-red scale on the quiz's grid according to % correct below.
Dale Earnhardt Jr.
Denny Hamlin
Kevin Harvick
Christopher Bell
Tony Stewart
Buck Baker
Martin Truex Jr.
Davey Allison
Rusty Wallace
Jeff Burton
Matt Kenseth
Carl Edwards
Joey Logano
Brad Keselowski
Bobby Labonte
Darrell Waltrip
Chase Elliott
Kyle Petty
Ryan Blaney
Ned Jarrett
Alex Bowman
Benny Parsons
Cale Yarborough
Terry Labonte
 
Answer Stats
Answer % Correct
Tony Stewart
85%
Martin Truex Jr.
84%
Kevin Harvick
82%
Joey Logano
72%
Chase Elliott
69%
Ryan Blaney
69%
Brad Keselowski
67%
Matt Kenseth
67%
Rusty Wallace
67%
Cale Yarborough
60%
Darrell Waltrip
55%
Bobby Labonte
54%
Terry Labonte
53%
Buck Baker
52%
Ned Jarrett
47%
Benny Parsons
45%
No matching quizzes found
Score Distribution
Percent of People with Each Score
Percentile by Number Answered
Your Score History
You have not taken this quiz